000 00491nmm a2200157Ia 4500
008 251105s9999||||xx |||||||||||||||||und||
020 _a9789561413801
041 _aspa
100 _aDíaz Navarrete, Wenceslao
245 0 _aPájaro libre como soy :
_b Cartas de Wanda Morla Lynch
264 _a[Santiago de Chile, Chile] :
_bEdiciones UC,
_c2015
300 _a547 páginas
650 _aLatin American narrative
856 _uhttps://public.digitaliapublishing.com/a/38267
942 _cCF
999 _c94163
_d94163